000
00320nam a22001337a 4500
008
181022b xxu||||| |||| 00| 0 eng d
020
_a
0517348179
041
_a
eng
080
_a
821
100
_a
21
101
_a
GJL
245
_a
The Avenel Companion to English & American Literature
_c
Daiches, D
942
_2
udc
_c
BK
999
_c
50543
_d
50543